Az ÁJTK jövőképe bövülő szakképzések. A jogászdiploma jó befektetés.

Elmentve itt :
Bibliográfiai részletek
Dokumentumtípus: Cikk
Megjelent: 2000-09-01
Sorozat:Délmagyarország
Kulcsszavak:Stratégiai terv, Állam- és Jogtudományi Kar
Online Access:http://univ.bibl.u-szeged.hu/25244
LEADER 00513nab a2200157 i 4500
001 univ25244
005 20171214104717.0
008 171214s2000 hu o 0|| zxx d
040 |a SZTE UnivHistória Repozitórium  |b hun 
041 |a zxx 
245 0 3 |a Az ÁJTK jövőképe  |h [elektronikus dokumentum] :  |b bövülő szakképzések. A jogászdiploma jó befektetés. 
260 |c 2000-09-01 
300 |a 10 
490 0 |a Délmagyarország 
561 |a Egyetemi hirarchívum 
695 |a Stratégiai terv, Állam- és Jogtudományi Kar